[Event "RUS-chT Blitz Men 2018"]
[Site "Sochi"]
[Date "2018.10.10"]
[Round "15"]
[White "Savitskiy, Sergey"]
[Black "Tereshechkina, Maya"]
[Result "0-1"]
[WhiteElo "2413"]
[BlackElo "2018"]
[Annotator "TA"]
[PlyCount "78"]
[EventDate "2018.10.10"]
[EventType "swiss"]
[EventCountry "RUS"]
[SourceTitle "playchess.com"]
[Source "ChessBase"]
[SourceQuality "1"]

{[%evp 9,78,2,33,27,33,-1,10,10,4,1,0,-13,-8,-46,0,0,59,60,52,62,39,25,20,30,41,25,22,19,23,-13,81,-18,93,89,201,35,33,12,14,16,24,5,68,21,43,35,36,0,4,8,4,4,14,12,54,49,91,2,189,193,168,0,0,-32,18,0,0,-5406,-5306,-5018,-3018]} 1. e4 c5 2. Nf3 Nc6 3. Bb5 g6 4. O-O Bg7 5. c3 Qb6 6. a4 {B31: Sicilian: 2...Nc6 3 Bb5 g6} (6. Na3 a6 7. Ba4 Nf6 8. e5 Nd5 9. Bb3 Nc7 10. Nc4 Qa7 11. a4 O-O 12. Re1 b5 13. axb5 Nxb5 14. d3 Qc7 {0-1 (33) Abdulov,O (2334)-Guseinov,G (2591) Baku 2011}) 6... a6 7. Bd3 $146 (7. Bxc6 $5 Qxc6 8. d4 $14) ({Predecessor:} 7. Bxc6 Qxc6 8. d4 d6 9. Re1 Bg4 10. d5 Qc7 11. a5 Nf6 12. Nbd2 {1-0 (40) Stein,L-Matanovic,A Erevan (Armenia) 1965}) 7... d6 8. h3 {The position is equal.} Nf6 9. Na3 {[%cal Bb1a3,Ba3c4,Bc4b6,Bb6d5,Bd5f6][%mdl 32]} O-O 10. Nc4 Qc7 11. a5 Nd7 12. Bc2 Nce5 ({Black should play} 12... e6 $11) 13. Nfxe5 $14 Nxe5 14. Nb6 $36 {[%mdl 2048] White has the initiative.} Rb8 15. d4 cxd4 16. cxd4 Nc4 17. Nd5 Qd8 $1 18. Bg5 f6 19. Bb3 Nxa5 (19... Nxb2 $11 20. Qd2 fxg5) 20. Nxf6+ $1 $16 Kh8 21. Nd5 Nxb3 (21... Nc6 $16) 22. Qxb3 $2 {[#]} (22. Bxe7 $18 Qxe7 23. Nxe7 Nxa1 24. Qxa1) 22... Be6 $14 23. Qe3 Bxd5 24. exd5 Bf6 25. Bxf6+ exf6 ({Better is} 25... Rxf6 $11 26. Rac1 Rf7) 26. Rac1 Re8 27. Qf4 Kg7 28. Rc3 (28. Rfe1 $5 {[%cal Re1e8]} Rc8 29. Re6 $14) 28... Rc8 29. Rxc8 Qxc8 30. Qxd6 $11 {[%mdl 4096] Endgame KQR-KQR} Qd8 31. Qc5 Qd7 32. Rc1 Rd8 33. d6 (33. Re1 $16 {aiming for Re7+.} Kf7 34. Re6) 33... b5 $2 {[#]} (33... Qxd6 $11 {and Black is okay.} 34. Qxd6 Rxd6) 34. Qb6 $18 Qxd6 35. Rc6 $2 (35. Rc7+ $18 Kh6 36. Qb7) 35... Qxd4 $11 36. Qxa6 b4 37. Qb7+ Rd7 38. Rc7 $2 {[%mdl 8192]} (38. Qc8 $11) 38... Qd1+ $19 39. Kh2 Qd6+ {Precision: White = 35%, Black = 35%.} 0-1

[Event "RUS-chT Blitz Men 2018"]
[Site "Sochi"]
[Date "2018.10.10"]
[Round "15"]
[White "Nechaev, Oleg"]
[Black "Dubov, Daniil"]
[Result "1-0"]
[WhiteElo "2400"]
[BlackElo "2703"]
[Annotator "TA"]
[PlyCount "103"]
[EventDate "2018.10.10"]
[EventType "swiss"]
[EventCountry "RUS"]
[SourceTitle "playchess.com"]
[Source "ChessBase"]
[SourceQuality "1"]

{[%evp 16,103,4,4,14,16,15,1,15,18,22,4,43,34,30,24,33,3,9,-1,10,0,40,37,69,34,34,39,37,22,24,30,69,75,125,123,131,119,129,129,136,108,106,93,142,100,104,105,190,51,75,0,0,0,0,0,0,-2,0,0,31,-6,-8,-8,-8,-30,-30,-30,-33,-43,-14,-14,-8,-8,0,0,0,-4,0,0,0,0,0,-8,0,0,29990,-514,29990,29991]} 1. c4 e5 2. g3 Nf6 3. Bg2 d5 4. cxd5 Nxd5 5. Nc3 Nxc3 6. bxc3 Nc6 7. d3 Bc5 8. Nf3 {[%cal Bg1f3,Bf3d2,Bd2b3][%mdl 32]} O-O 9. O-O Rb8 {A29: English Opening: Four Knights Variation with 4 g3} 10. Rb1 (10. Nd2 Be6 11. Ne4 Be7 12. Bb2 Qd7 13. Qa4 Bh3 14. Nd2 Bxg2 15. Kxg2 b5 16. Qc2 f5 17. Rad1 {½-½ (45) Gordievsky,D (2615)-Dubov,D (2709) Moscow 2018}) 10... b6 11. Nd2 Bb7 $146 {The position is equal.} ({Predecessor:} 11... Qd7 12. Nc4 Re8 13. Qb3 Bb7 14. Rd1 h6 15. Ba3 Bxa3 16. Qxa3 Qe6 17. Rb2 {½-½ (51) Akdag,M (2571)-Nekhaev,A (2516) ICCF email 2015}) 12. Nb3 Bd6 13. d4 Qf6 14. e4 Ba6 15. Re1 Rbd8 16. d5 Nb8 17. Be3 Nd7 18. a4 Qe7 19. a5 Nc5 20. axb6 axb6 21. Nxc5 Bxc5 22. Qa4 {[#] And now Bxc5 would win.} Bxe3 23. Rxe3 Bc8 24. Qb4 $36 {[%mdl 2048] White is on the roll.} Qg5 25. c4 f5 26. exf5 Qxf5 27. Qb2 Rde8 28. Be4 Qf6 29. Rbe1 Bh3 30. Bg2 Bxg2 31. Kxg2 h5 (31... c6 $16) 32. Qe2 (32. f4 $1 $18) 32... h4 33. gxh4 (33. Re4 $16) 33... Qxh4 $11 34. Re4 Rf4 35. Rxf4 Qxf4 {[%mdl 4096] Endgame KQR-KQR} 36. Qe4 {Strongly threatening Qxf4.} Qg5+ 37. Kh1 Qf6 38. Kg2 (38. f4 $5 {[%cal Rf4e5]}) 38... Rf8 39. Re2 Qg5+ 40. Kh1 Rf5 41. f3 Qf6 42. Kg2 Qg6+ 43. Kh1 Qh5 44. Qg4 Qf7 45. Kg2 Qf6 {...Rg5 is the strong threat.} 46. Kf2 g6 47. Re4 Kg7 48. h4 Qe7 49. Kg3 Qb4 50. h5 Qe1+ $2 {[%mdl 8192] [#]} (50... Qd6 $11) 51. Kg2 $4 {[%mdl 8192]} (51. Rxe1 {was the only winning move.} Rxh5 52. Qd7+ Kh6 53. Qxc7 Rg5+ 54. Kf2 Rf5 55. d6 b5 56. Rh1+ Rh5 57. Rxh5+ gxh5 58. d7) 51... Rxh5 $4 {[%mdl 8192]} (51... Qd2+ $19 52. Kf1 Rxh5) 52. Rxe1 {Precision: White = 59%, Black = 31%.} 1-0

[Event "RUS-chT Blitz Men 2018"]
[Site "Sochi"]
[Date "2018.10.10"]
[Round "15"]
[White "Sergeyev, Alexander"]
[Black "Dulenko, Maxim"]
[Result "1-0"]
[WhiteElo "2397"]
[BlackElo "2139"]
[Annotator "TA"]
[PlyCount "25"]
[EventDate "2018.10.10"]
[EventType "swiss"]
[EventCountry "RUS"]
[SourceTitle "playchess.com"]
[Source "ChessBase"]
[SourceQuality "1"]

{[%evp 13,25,27,23,4,16,16,22,16,35,34,31,15,31,39]} 1. e4 c5 2. Nc3 Nc6 3. Bb5 e6 4. Bxc6 bxc6 5. Nf3 d5 6. O-O Nf6 7. d3 Be7 {LiveBook: 7 Games} 8. Qe2 {B30: Sicilian: 2...Nc6 3 Bb5, lines without ...g6} Ba6 9. b3 O-O 10. Rd1 Qa5 $146 ({Predecessor:} 10... Qc7 11. Bg5 Rae8 12. Qe1 Bd8 13. Na4 Nd7 14. Qc3 f6 15. Bh4 Qa5 16. Qxa5 Bxa5 17. Bg3 {1-0 (61) Savchenko,V (2437)-Schmittdiel,E (2484) Dortmund 2011}) 11. Bd2 {aiming for Nxd5.} Qc7 12. h3 Rab8 13. Bg5 1-0

[Event "RUS-chT Blitz Men 2018"]
[Site "Sochi"]
[Date "2018.10.10"]
[Round "15"]
[White "Gogolev, Artem"]
[Black "Grigoriants, Boris"]
[Result "1-0"]
[WhiteElo "2389"]
[BlackElo "1914"]
[Annotator "TA"]
[PlyCount "61"]
[EventDate "2018.10.10"]
[EventType "swiss"]
[EventCountry "RUS"]
[SourceTitle "playchess.com"]
[Source "ChessBase"]
[SourceQuality "1"]

{[%evp 18,61,6,10,14,13,28,25,35,36,43,27,36,40,48,6,8,0,24,27,27,11,35,35,37,26,45,43,349,345,520,520,506,490,464,422,698,612,731,733,771,748,1052,993,29988,0]} 1. Nf3 Nf6 2. g3 g6 3. b3 Bg7 4. Bb2 d6 5. d4 O-O 6. Bg2 Nbd7 7. Nbd2 Re8 8. O-O e5 {A49: 1 d4 Nf6 2 Nf3 g6 3 g3: Anti-King's Indian systems} 9. dxe5 dxe5 10. e4 {LiveBook: 15 Games} Qe7 {The position is equal.} (10... b6 11. Nc4 Bb7 12. Nfd2 Nc5 13. Re1 Nfd7 14. a4 a5 15. Nf1 Ne6 16. Nfe3 Ndc5 17. Bxe5 Bxe4 18. Nd5 Bxe5 19. Nxe5 {1-0 (75) Mareco,S (2644)-Krysa,L (2545) Buenos Aires 2017}) 11. Re1 Rd8 12. Qe2 Ne8 $146 ({Predecessor:} 12... h6 13. Nc4 Ne8 14. Rad1 f6 15. Ba3 Qe6 16. Nh4 Kh7 17. Rd5 {½-½ (31) Burgemeister,W (1988)-Yalcin,A (1929) Bayern 2011}) 13. Nc4 b6 14. Ba3 c5 15. Ne3 Nc7 16. Red1 Bb7 17. Nd2 Nf8 18. Ndc4 Nfe6 19. c3 Rxd1+ 20. Rxd1 Rd8 21. Nd5 Nxd5 22. exd5 Ng5 $2 {[%mdl 8192] [#]} ({Black should play} 22... Nf8 $1 $14) 23. h4 $18 {[%cal Bh2h4,Bh4g5][%mdl 32]} b5 (23... Nh3+ $142 24. Bxh3 Rxd5 25. Rxd5 Bxd5) 24. Na5 b4 25. cxb4 cxb4 26. Bb2 ({Weaker is} 26. hxg5 bxa3 27. d6 Rxd6 $18) 26... Rd6 (26... Nh3+ $142 27. Bxh3 Bxd5) 27. Nxb7 Qxb7 28. hxg5 a5 29. Rc1 a4 30. bxa4 Qa7 31. Rc5 $2 {[%mdl 32768] Precision: White = 75%, Black = 25%. . Loss on Time!?} (31. Rc8+ {mates} Bf8 32. Qxe5 f6 33. Qxd6 Qf7 34. Qxf6 Qxf6 35. Bxf6 b3 36. d6 h6 37. Bd5+ Kh7 38. Rxf8 hxg5 39. Rh8#) 1-0

[Event "RUS-chT Blitz Men 2018"]
[Site "Sochi"]
[Date "2018.10.10"]
[Round "15"]
[White "Ozgibcev, Anatoly"]
[Black "Artemiev, Vladislav"]
[Result "0-1"]
[WhiteElo "2368"]
[BlackElo "2706"]
[Annotator "TA"]
[PlyCount "88"]
[EventDate "2018.10.10"]
[EventType "swiss"]
[EventCountry "RUS"]
[SourceTitle "playchess.com"]
[Source "ChessBase"]
[SourceQuality "1"]

{[%evp 9,88,66,50,43,51,31,41,35,48,29,28,13,22,14,19,10,17,0,-2,-6,11,13,6,0,0,0,0,0,7,-29,-19,-46,-43,-45,-39,-36,-27,-75,-56,-48,-51,-74,0,-205,-110,-181,-27,-45,25,46,104,106,119,122,199,196,178,19,32,0,16,8,22,-13,0,0,37,-93,-93,-361,-352,-331,-326,-29961,-29963,-29945,-5808,-5322,-1135,-29976,-29977]} 1. e4 c5 2. c3 d6 3. d4 Qc7 4. Nf3 Bg4 5. Be3 (5. Nbd2 Nf6 6. h3 Bh5 7. Bb5+ Nbd7 8. e5 dxe5 9. dxe5 a6 10. Ba4 Nd5 11. e6 fxe6 12. O-O {0-1 (40) Howell,D (2644)-Artemiev,V (2653) Doha 2016}) 5... Nd7 6. Nbd2 {B22: Sicilian: 2 c3} Ngf6 7. Be2 $146 ({Predecessor:} 7. Bd3 e6 8. O-O Be7 9. h3 Bh5 10. Re1 a6 11. a4 Rc8 12. b4 cxd4 13. cxd4 {½-½ (59) Grochulski,G (2094)-Janczarski,M (2357) Milanowek 2012}) 7... e6 8. O-O {White is slightly better.} Be7 9. h3 Bh5 10. Re1 O-O 11. Bf4 Rfd8 12. Bd3 Rac8 13. Qa4 a6 14. Bg3 Qb8 15. Rac1 Qa7 16. e5 dxe5 17. dxe5 {And now Qh4 would win.} Nd5 18. Qc2 Nf8 19. Be4 b5 20. a4 c4 21. axb5 axb5 22. Ra1 Qb6 23. Nd4 Bc5 (23... Nb4 $5 24. Qb1 Bg6 $15) 24. N2f3 b4 25. Rad1 Qa5 (25... Bxd4 $17 26. Rxd4 Bxf3 27. Bxf3 bxc3 28. bxc3 Nb4) 26. Nf5 $2 (26. Ra1 $11 Qb6 27. Red1) 26... bxc3 (26... b3 $19 27. Qc1 Nxc3 28. bxc3 exf5 29. Bxf5 Bxf3 30. gxf3 Ne6) 27. Bxd5 (27. bxc3 $17 Qxc3 28. Nd6) 27... exd5 $2 ({Better is} 27... cxb2 $1 $19 28. Bxc4 exf5 29. Qxb2 Bxf3 30. gxf3 Bxf2+ $1 {[%mdl 512]} 31. Bxf2 Rxc4) 28. bxc3 $11 Qa6 (28... Ne6 $15) 29. Nd6 Bxf3 (29... Ne6 $14) 30. gxf3 $16 Bxd6 31. exd6 Rxd6 (31... Qb7 $16 {keeps fighting.}) 32. Bxd6 $18 Qxd6 33. Qd2 $2 (33. Qf5 $18 Ne6 34. Rxd5) 33... Rd8 $1 $11 34. Qe3 h6 35. Qe5 {Threatens to win with Qxd6.} Qc6 36. Re2 Ng6 37. Qf5 Rd6 (37... Nh4 $5 {[%cal Rh4f5]} 38. Qg4 Qf6 $11) 38. Red2 {[#]} (38. Kf1 $14 {keeps the upper hand.}) 38... Nh4 $1 $36 {[%cal Rh4f5][%mdl 2048] Black is on the roll.} 39. Qf4 $2 {[%mdl 8192] [#]} (39. Qh5 $17 {is the only way for White.} g5 40. Kf1) 39... g5 $1 $19 {[%cal Rg5f4]} 40. Qg3 d4 $1 41. cxd4 $2 (41. Rxd4 $19 Nxf3+ 42. Qxf3 Qxf3 43. Rxd6) 41... Nxf3+ 42. Kf1 Nxd2+ 43. Rxd2 Qh1+ (43... c3 $142 44. d5 Qc4+ 45. Qd3 cxd2 46. Qxc4 d1=Q+ 47. Kg2 Rxd5) 44. Ke2 Re6+ {Precision: White = 27%, Black = 43%.} 0-1

[Event "RUS-chT Blitz Men 2018"]
[Site "Sochi"]
[Date "2018.10.10"]
[Round "15"]
[White "Derjabin, Ilja"]
[Black "Romanov, Evgeny"]
[Result "1-0"]
[WhiteElo "2345"]
[BlackElo "2614"]
[Annotator "TA"]
[PlyCount "87"]
[EventDate "2018.10.10"]
[EventType "swiss"]
[EventCountry "RUS"]
[SourceTitle "playchess.com"]
[Source "ChessBase"]
[SourceQuality "1"]

{[%evp 12,87,13,2,27,33,33,33,35,25,44,17,26,23,22,0,25,-13,-11,-48,18,-14,69,0,0,0,0,-134,-139,-158,351,352,344,344,416,439,766,757,747,738,675,130,134,130,139,130,121,120,164,161,168,130,146,127,122,129,134,134,127,132,209,206,190,190,175,185,195,-597,220,212,545,544,478,416,666,710,1183,1046]} 1. d4 Nf6 2. c4 b6 3. Nc3 Bb7 4. f3 d5 5. cxd5 Nxd5 6. e4 Nxc3 7. bxc3 g6 {A50: Queen's Fianchetto Defence (1 d4 Nf6 2 c4 b6)} (7... e5 8. Be3 Be7 9. dxe5 Nd7 10. Qa4 c6 11. Rd1 b5 12. Qb3 Qa5 13. f4 O-O-O 14. Nf3 Nc5 15. Bxc5 Bxc5 {0-1 (58) Ju,W (2583)-Li,C (2720) Beijing 2017}) 8. Bb5+ c6 9. Bc4 Bg7 {White is slightly better.} 10. Ne2 O-O 11. O-O c5 12. d5 $146 ({Predecessor:} 12. Be3 Qc7 13. Rc1 Nc6 14. Qd2 Rfd8 15. Rfd1 Rac8 16. Qe1 Na5 17. Bd3 Bc6 18. Qh4 Qd7 19. dxc5 bxc5 20. Ba6 Qxd1+ 21. Rxd1 Rxd1+ 22. Kf2 Rc7 23. Qg5 {0-1 (33) Ruiz Garcia,J-Jerez Perez,A Spain 1992}) 12... Nd7 13. f4 Qc7 14. Kh1 Rad8 15. Qe1 Kh8 (15... Nf6 $15 16. Ng3 h5) 16. Qh4 Nf6 ({Better is} 16... f5 $11) 17. Ng3 {[#]} (17. f5 $14) 17... e6 $1 {[%cal Re6d5][%mdl 512]} 18. f5 $1 $36 {[%mdl 2048] White has the initiative.} (18. dxe6 fxe6) 18... exd5 19. Bf4 {[#]} (19. exd5 $11 Bxd5 20. Bxd5 Rxd5 21. Bg5) 19... Qc6 $1 $17 20. Be2 {[%cal Bc4e2,Be2f3,Bf3d5][%mdl 32] Threatens to win with e5.} Nxe4 $2 (20... dxe4 $17 {stays on course.} 21. a4 a6) 21. Nxe4 $18 dxe4 22. Bg5 e3 {[%csl Gb7][%cal Rc6g2]} 23. Bf3 Rd5 (23... Qd6 $142 24. Be7 (24. Bxb7 Bxc3 25. Rac1 e2 $16) 24... Qd2) 24. f6 e2 25. fxg7+ Kxg7 26. Bf6+ $2 (26. Rfe1 $18 {has better winning chances.}) 26... Qxf6 $16 27. Qxf6+ Kxf6 28. Bxd5+ exf1=R+ 29. Rxf1+ Ke5 30. Bxb7 $18 {[%mdl 4096] Endgame KRB-KR} f5 31. g3 Rd8 32. Re1+ Kf6 33. c4 Rd2 34. a4 Ra2 35. Bc6 h5 {[#]} (35... g5 $16) 36. h4 $1 g5 37. hxg5+ Kxg5 38. Re7 Kg4 39. Rg7+ ({But not} 39. Rxa7 $6 Kxg3 40. Rg7+ Kf4 $16) 39... Kh3 {[%cal Ra2a1]} 40. Kg1 Ra1+ $2 (40... Rc2 41. Bd5 (41. Rxa7 Kxg3 42. Rg7+ Kf4 $16) 41... Ra2) 41. Kf2 Ra2+ 42. Kf3 Rc2 (42... Ra1 $142 43. Kf4 Rf1+ 44. Bf3 Rc1) 43. Bd5 a6 44. Rh7 {Precision: White = 59%, Black = 36%.} 1-0

[Event "RUS-chT Blitz Men 2018"]
[Site "Sochi"]
[Date "2018.10.10"]
[Round "15"]
[White "Inozemtsev, Sergei"]
[Black "Timofeev, Artyom"]
[Result "0-1"]
[WhiteElo "2310"]
[BlackElo "2580"]
[Annotator "TA"]
[PlyCount "76"]
[EventDate "2018.10.10"]
[EventType "swiss"]
[EventCountry "RUS"]
[SourceTitle "playchess.com"]
[Source "ChessBase"]
[SourceQuality "1"]

{[%evp 20,75,49,19,27,22,30,-33,-26,-74,-66,-84,-96,-100,-80,-176,-173,-136,-75,-71,-12,-14,0,-133,-120,-159,-141,-151,-126,-156,-125,-134,0,-126,-113,-114,-123,-177,-163,-163,-163,-176,-166,-176,-176,-176,-176,-183,-176,-29978,-29979,-29989,-29990,-29997,-29998,-29998,-29999,-29999]} 1. e4 c5 2. Nf3 Nc6 3. Bb5 d6 4. O-O Bd7 5. Re1 Nf6 6. c3 a6 7. Bf1 Bg4 8. h3 Bxf3 9. Qxf3 g6 10. d3 Bg7 11. a4 O-O {B51: Sicilian: Moscow Variation (3 Bb5+) without 3...Bd7} 12. Nd2 $146 ({Predecessor:} 12. Bg5 Nd7 13. Nd2 Rb8 14. Qe3 Qc7 15. Bh6 e6 16. Bxg7 Kxg7 17. f4 b5 18. axb5 axb5 19. d4 cxd4 20. cxd4 {½-½ (63) Starosek,K (2488)-Rublevsky,S (2672) chessassistantclub.com INT 2004}) 12... Nd7 13. Qg3 (13. Nb3 $11) 13... b5 $15 {Black is slightly better.} 14. axb5 axb5 15. Rxa8 Qxa8 16. Nf3 b4 17. Bd2 {[#]} (17. cxb4 $17 {is a better defense.} Nxb4 18. Qh4) 17... Qa2 $1 $19 18. cxb4 Nxb4 ({Better is} 18... cxb4 19. Qg4 Nde5 20. Nxe5 Nxe5) 19. Bc3 $17 Nc2 (19... Nc6 $17) 20. Rc1 $11 {And now Bxg7 would win.} Bxc3 (20... Na1 {looks sharper.} 21. Re1 Nb3 22. Qg5 Re8 23. Qd5 Qa4) 21. Rxc2 (21. bxc3 $11 Qb2 22. Qg5) 21... Bf6 22. Nd2 Ne5 23. Nc4 Nc6 24. h4 Nd4 25. Rc1 Nc6 (25... h5 $17 26. Re1 Rd8) 26. h5 (26. Rc2 $1 $11) 26... Ne5 ({But not} 26... Bxb2 27. Rc2 $15) 27. hxg6 hxg6 28. Rc2 (28. d4 $17 Nxc4 29. Bxc4 Qxb2 30. Qxg6+ Bg7 31. Qg5) 28... Nxc4 29. dxc4 Rb8 $36 {[%mdl 2048] Black is on the roll.} 30. Qg4 Qb1 31. Qe2 Bxb2 32. g3 Bd4 33. Kh2 Kg7 34. Bh3 $2 (34. Ra2 $19) 34... Rh8 {Black mates.} 35. Kg2 {[#]} Rxh3 $1 {[%mdl 512]} 36. Kxh3 Qh1+ 37. Kg4 Qh5+ 38. Kf4 e5# {Precision: White = 25%, Black = 53%.} 0-1